000 00691nam a2200253Ia 4500
001 22108
005 20240114000625.0
007 ta
008 090217s1977 a g b000 u 465 u
040 _aCotton College,Assam
041 _a465
082 _a954
_bS 64 H
100 _aSingh, Khushwant.
245 0 _aA History of The Sikhs Vol 1: 1469-1839 /
_cKhushwant Singh.
_hTextual Documents
250 _a1st /
260 _aDelhi :
_bOxford University Press ,
_c1977.
300 _a419p. :
_bill ;
_c22cm .
653 _aT/G-Indian History-Sikhs
653 _aHistory-India
653 _aReference-History
942 _2ddc
_cBK
999 _c22090
_d22090